| 000 | 00000nam 2200000za 4500 |
| 001 | 9.843509 |
| 003 | CaOODSP |
| 005 | 20221107152535 |
| 007 | cr ||||||||||| |
| 008 | 170913s1939 onc |o f|0| 0 eng d |
| 040 | |aCaOODSP|beng |
| 043 | |an-cn--- |
| 086 | 1 |aCS62-D-75/1939E-PDF |
| 245 | 00|aLiving costs in Canada, 1913-August 1939 |h[electronic resource]. |
| 260 | |aOttawa : |bDominion Bureau of Statistics, |c1939. |
| 300 | |avi, 36 p. : |bcharts. |
| 500 | |aDigitized edition from print [produced by Statistics Canada]. |
| 500 | |aCover title. |
| 504 | |aIncludes bibliographic references. |
| 520 | |a"This bulletin is mainly a compilation of tables which show monthly changes in Canadian living costs from 1913 to August, 1939. Separate statements of monthly average retail prices of 27 principal foods have been included"--p. i. |
| 692 | 07|2gccst|aEconomic conditions |
| 710 | 1 |aCanada. |bDominion Bureau of Statistics. |bInternal Trade Branch. |
| 710 | 1 |aCanada. |bDepartment of Trade and Commerce. |
| 856 | 40|qPDF|s10.20 MB|uhttps://publications.gc.ca/collections/collection_2017/statcan/CS62-D-75-1939-eng.pdf |
| 986 | |a62-D-75 |